Geometry Dash Emojis - Demons - Statistics

General Stats
  • This quiz has been taken 166 times
  • The average score is 14 of 24
Answer Stats
Hint Answer % Correct
πŸŒŠπŸ‘‹ Tidal Wave
96%
πŸ‘οΈπŸ‘οΈπŸŒŠ Eyes in the Water
77%
πŸŒ©οΈβ›“οΈ The Lightning Rod
76%
πŸ”΄πŸͺ Crimson Planet
75%
🩸😏 Bloodlust
73%
β„οΈπŸ˜“ Cold Sweat
73%
πŸ’©πŸ§Š poocubed
73%
πŸ”‰πŸŒŠβ™ΎοΈ Sonic Wave Infinity
73%
πŸŽ‡ Firework
71%
πŸ”ͺ🏑 Slaughterhouse
70%
🌞⚑️ Solar Flare
70%
πŸ•³οΈβ—ΌοΈ Abyss of Darkness
68%
πŸ†πŸ‘‘πŸ”± The Golden
58%
πŸŒ‹ Avernus
54%
βž–πŸŒ΅ MINUSdry
52%
πŸ˜ΆπŸ¨πŸšΆβ€β™€οΈ Silent clubstep
51%
πŸ•³οΈπŸ˜” Tunnel of Despair
44%
πŸ‘Ή Menace
42%
🚫🌳 Nullscapes
39%
πŸ‘» Spectre
39%
πŸ”΄πŸŸ  Sakupen Circles
38%
πŸ€ͺ Kyouki
25%
πŸ˜Άβ€πŸŒ«οΈ The Hallucination
21%
πŸ‘ΏπŸŒŠ Acheron
12%
No matching quizzes found
Score Distribution
Percent of People with Each Score
Percentile by Number Answered
Your Score History
You have not taken this quiz